| 000 | 00723nam a2200229 a 4500 | ||
|---|---|---|---|
| 001 | BRCA_7776 | ||
| 005 | 20190320210004.0 | ||
| 008 | 300913s1910----nyuabc####---#000-0#eng-# | ||
| 041 | _aeng | ||
| 044 | _anyu | ||
| 050 | 4 |
_aF1233.5 _b.G63 1910 |
|
| 100 | 1 |
_aGodoy, Jose F. _918384 |
|
| 245 | 1 | 0 |
_aPorfirio Diaz President of Mexico _bthe master builder of a great commonwealth _cby Jose F. Godoy. |
| 260 |
_aNueva York _bPutnam _c1910 |
||
| 300 |
_axii, 253 p. _bil., mapas, retratos _c22 cm. |
||
| 500 | _aEdición con cantos dorados | ||
| 500 | _aX14 | ||
| 600 | 1 | 4 |
_aDíaz, Porfirio _cPresidente (1876-1911) _d1830-1915 _zMéxico _919256 |
| 651 | 4 |
_aMéxico _xHistoria _y1867-1910 _94778 |
|
| 902 | _aGFM | ||
| 942 |
_2lcc _cB |
||
| 999 |
_c7450 _d7450 |
||